| 000 | 00419nam a2200121Ia 4500 | ||
|---|---|---|---|
| 008 | 220620s9999||||xx |||||||||||||| ||und|| | ||
| 245 | 0 | _aArtificial Intelligence in Oncology Drug Discovery and Development | |
| 546 | _aEnglish[eng] | ||
| 650 | _aMedical bioinformatics | ||
| 700 | _aCassidy, John W.||Taylor, Belle | ||
| 856 | _uhttps://mts.intechopen.com/storage/books/10107/authors_book/authors_book.pdf | ||
| 942 | _cEB | ||
| 999 |
_c25317 _d25317 |
||